Responses for Show #9118 - Wednesday, June 5, 2024

Adriana Harmeyer game 6.

Contestants

[<< previous game]

Allee Mead, a writer from Grand Forks, North Dakota

Kyle Sorlie Titlow, a geographer from Washington, D.C.

Adriana Harmeyer, an archivist from West Lafayette, Indiana (whose 5-day cash winnings total $116,200)

[next game >>]

Jeopardy! Round responses

FEELING THE BUZZ
SIGNS OF THE ZODIAC
"GATE"KEEPING
NORTH AMERICAN GEOGRAPHY
POP MUSIC
THE REAL RED TAILS
(Sheryl: I'm Sheryl Lee Ralph with clues about the legendary Tuskegee Airmen from a history and mystery documentary... I narrate The Real Red Tails.)
    $200 23
Buzz Aldrin

Allee
    $200 30
Taurus

Allee
    $200 1
irrigate

Adriana
    $200 3
the Yucatán

Adriana
    $200 8
Rodrigo

Adriana
    $200 14
bombers

Kyle
    $400 29
Buzzfeed

Kyle
    $400 28
(Ken: Yeah, they became fish.)

Pisces

Allee
    $400 2
(Allee: What is propagate?)

instigate

KyleAllee
    $400 10
Tijuana

Kyle
    $400 9
"Poker Face"

Kyle
    $400 15
Eleanor Roosevelt

Adriana
    $600 26
Sanders

Allee
    $600 27
(Kyle: What is the Southern Cross?)

Sagittarius

KyleAllee
    $600 4
fumigate

Adriana
    $600 11
the Missouri River

Kyle
    $600 16
Coldplay

Adriana
    $600 18
air-to-air combat

Triple Stumper
    $800 25
Georgia Tech

Kyle
    $800 21
Scorpio

Adriana
    $800 5
conjugate

Allee
    $800 12
Seattle

Triple Stumper
    $800 17
OutKast

Adriana
    $800 19
Mason-Dixon

Allee
    $1000 24
"Flight Of The Bumblebee"

Allee
    $1,200 20
Virgo

Allee
    $1000 6
to abrogate

Triple Stumper
    $1000 13
(Kyle: What is the Northwest Territories?)

Nunavut

AdrianaKyle
    $1000 7
"I Kissed A Girl"

Adriana
    $1000 22
(Ken: Our thanks to Sheryl Lee Ralph, and National Geographic for helping us out with that category; The Real Red Tails is streaming now.)

the Selective Service Act

Triple Stumper

Scores at the first commercial break (after clue 15):

Adriana Kyle Allee
$3,600 $1,000 $400

Scores at the end of the Jeopardy! Round:

Adriana Kyle Allee
$5,800 $1,600 $5,400

Double Jeopardy! Round responses

U.S. REP. & PREZ
PUBLIC TRANSPORTATION
ALLITERATIVE TELEVISION SHOWS
SCIENCE QUIZ
21st CENTURY BOOKS
CITY SLANG
    $400 30
(Kyle: Who is James Monroe?)

James Madison

Kyle
Triple Stumper
    $400 19
seat

Triple Stumper
    $400 7
[Allee did not include the leading article.]

The Golden Girls

Allee
    $400 27
Relativity

Adriana
    $400 12
The Girl with the Dragon Tattoo

Allee
    $400 15
fuhgeddaboudit

Adriana
    $800 22
Tennessee

Adriana
    $800 20
a ferry

Kyle
    $800 4
Paw Patrol

Allee
    $800 28
(Adriana: What is a newton?)

an atmosphere

Adriana
Triple Stumper
    $800 11
the Life of Pi

Adriana
    $800 16
drip

Allee
    $2,000 23
(Ken: Not Old, but [*], yes.)

Young Hickory

Adriana
    $1200 21
a metro station

Kyle
    $1200 3
Dr. Death

Triple Stumper
    $1200 29
the Pleistocene

Triple Stumper
    $1200 10
Circe

Adriana
    $1200 17
(Adriana: What is a hot dog?)
(Ken: Can you be more specific?)

a chili dog

Adriana
    $1600 24
George H.W. Bush

Kyle
    $1600 1
Colombia

Kyle
    $1600 5
Jessica Jones

Allee
    $2,000 26
(Adriana: What is...)

deuterium

Adriana
    $1600 9
(Andy) Weir

Adriana
    $1600 18
New Orleans

Triple Stumper
    $2000 25
Fillmore

Adriana
    $2000 2
(Kyle: What is the Chicago Transit Administration?)
...
(Ken: Yes, that's what the band Chicago was originally called.)

Chicago Transit Authority

AdrianaKyle
    $2000 6
Peyton Place

Adriana
    $2000 14
an atrium

Adriana
    $2000 8
The Heaven & Earth Grocery Store

Triple Stumper
    $2000 13
(Kyle: What is jaunt?)

jawn

Kyle
Triple Stumper

Scores at the end of the Double Jeopardy! Round:

Adriana Kyle Allee
$19,400 $2,400 $9,400
(lock game)

[wagering suggestions for these scores]

Final Jeopardy! Round responses

BRITISH PLACES
(Ken: [To Kyle] Named for the hot mineral springs there. We weren't going to stump a geographer with a geography clue.)
KyleWhat is Bath?
$2,399
AlleeWhat is Bath?
$0
AdrianaWhat is Bath?
$500
Bath

Final scores:

Adriana Kyle Allee
$19,900 $4,799 $9,400
6-day champion: $136,100 3rd place: $2,000 2nd place: $3,000

Game dynamics:

Coryat scores:

Adriana Kyle Allee
$20,600 $2,400 $9,200
22 R
(including 1 DD),
2 W
(including 1 DD)
11 R,
5 W
14 R
(including 1 DD),
1 W

Combined Coryat: $32,200

[game clues] [game scores] [suggest correction]

Game tape date: 2024-05-06
The J! Archive is created by fans, for fans. Scraping, republication, monetization, and malicious use prohibited; this site may use cookies and collect identifying information. See terms. The Jeopardy! game show and all elements thereof, including but not limited to copyright and trademark thereto, are the property of Jeopardy Productions, Inc. and are protected under law. This website is not affiliated with, sponsored by, or operated by Jeopardy Productions, Inc. Join the discussion at JBoard.tv.